00553 2200205 4500001002100000005001700021008004100038035002600079245001800105100001800123250000600141260005900147300003300206020001800239082000800257084001000265650004400275990001400319990001400333INLIS00000000000002520191229184053.0191229| ||| | ind  a 0010-12190000000002500cFidi Mahendra0 aFidi Mahendra a2 aYogyakarta : Diva PressbYogyakarta : Diva Pressc2009 a268hlm.;20cm ;c268hlm.;20cm a979-963-646-90 a200 a2X1.4 0aKumpulan Ayat dan Surah Al-Qur'an 2X1.4 aB20121197 aB20121199